| 000 | 02052nam0a2200349 4500 | ||
|---|---|---|---|
| 001 | RU\NLR\BIBL_A\011410603 | ||
| 005 | 20241101015519.0 | ||
| 010 | _a9785990977228 | ||
| 021 |
_aRU _b2017-39270 _92863 |
||
| 035 | _a(RuMoRGB)008897611 | ||
| 035 | _a(NLR Aleph) 011410603 | ||
| 090 |
_a11555765 _c11555765 |
||
| 100 | _a20170620d2017 u y0rusy50 ca | ||
| 101 | 0 |
_arus _aeng |
|
| 102 | _aRU | ||
| 105 | _ay|||jzzz000zy | ||
| 200 | 1 |
_aОсобенности английских междометий _eна материале романа Бетти Грин "Summer of my german soldier" _eучебное пособие для студентов всех форм обучения направления подготовки "45.03.02 - Лингвистика" и специальности "45.05.01 - Перевод и переводоведение" _fКартер Е. В., Хасаншина Г. В. _gМинистерство образования и науки Российской Федерации, Частное образовательное учреждение высшего образования "Институт международных связей" |
|
| 210 |
_aЕкатеринбург _cАльфа-Принт _d2017 |
||
| 215 |
_a58 с. _d20 |
||
| 320 | _aБиблиогр.: с. 58 (3 назв.) | ||
| 500 | 1 | 0 |
_7ba _aSummer of my German soldier _92636888 _3RU\NLR\AUTH\5505915 |
| 606 | 1 |
_aАнглийский язык _jУчебные издания для высших учебных заведений _xМеждометие _9969560 _3RU\NLR\AUTH\6644575 |
|
| 686 |
_aШ143.21-932.210.31 _2rubbk |
||
| 686 |
_aШ143.21-937.703.1 _2rubbk |
||
| 686 | 1 | _aШ143.21-93рус3-212.97 | |
| 700 | 1 |
_aКартер _bЕ. В. _gЕлена Валериевна |
|
| 702 | 1 |
_7ba _8eng _aGreene _bB. _f1934- _gBette _9175492 _3RU\NLR\AUTH\770175543 |
|
| 702 | 1 |
_4570 _7ca _8rus _aГрин _bБ. _f1934- _gБетти _9175490 _3RU\NLR\AUTH\770175541 |
|
| 942 | _cBOOK | ||
| 980 | _aNBR | ||